000 00903nam a22002417a 4500
003 OSt
005 20220412112612.0
008 110301s2008 xxu 000 0 spa d
040 _aDO-SdBNP
_bspa
_cBNPHU
082 _axxxx
_bD812q
100 1 _aDuany, Jorge
_953018
245 1 0 _aquisqueya on the Hudson: the transnational identity of dominicans in Washington Heights /
_cJorge Duany ; prefacio Ramona Hernández
260 _aNew York, Estados Unidos :
_bCUNY Dominican studies institute.
_c2008.
300 _a70 p. :
_c23 cm.
490 1 _aDominican research monograph
500 _aQuisqueya en el Hudson: la identidad transnacional de los dominicanos en Washington Heights
504 _aBiografías p: 63-70
590 _aInventariado, 2022/ YL
700 1 2 _aHernández, Ramona
_epref.
_910103
830 0 _nDominican research monograph
_981458
910 _aYLockward
942 _2ddc
_cLBS1
999 _c51530
_d51530